Statistics for Useimmin muistetut Suomessa havaitut lintulajit

Click here to take the quiz!

General Stats

  • This quiz has been taken 29 times
  • The average score is 12 of 25

Answer Stats

% vastaajistaLaji% Correct
94%Harakka
96%
92%Varis
96%
98%Laulujoutsen
89%
89%Talitiainen
78%
97%Sinisorsa
67%
88%Sinitiainen
67%
92%Naakka
63%
92%Kurki
59%
92%Korppi
52%
88%Maakotka
52%
92%Huuhkaja
48%
89%Hömötiainen
44%
92%Kyhmyjoutsen
44%
89%Kalalokki
37%
89%Merikotka
37%
89%Metso
37%
89%Mustarastas
37%
88%Valkoposkihanhi
37%
88%Kuikka
33%
88%Kuovi
33%
92%Kanadanhanhi
26%
92%Tavi
26%
88%Harmaalokki
22%
88%Haapana
19%
88%Tukkasotka
11%

Score Distribution

Percentile by Number Answered

Percent of People with Each Score

Your Score History

You have not taken this quiz